|
|
|
|
| LEADER |
00000nam a22000007a 4500 |
| 005 |
20111213144536.0 |
| 007 |
cr|||| |||| |
| 008 |
111213s2009 pe |||||s|||| 00||0 spa d |
| 020 |
|
|
|a 978-9972-224-94-2
|
| 035 |
|
|
|a 6108
|
| 040 |
|
|
|a vLex
|
| 090 |
|
|
|c 2830
|d 2830
|
| 245 |
0 |
3 |
|a La Justicia Militar en el Derecho Comparado y en la Jurisprudencia Constitucional
|h [Recurso electrn̤ico]
|
| 256 |
|
|
|a Servicio en ln̕ea
|
| 260 |
|
|
|a Lima :
|b Palestra Editories,
|c 2009
|
| 300 |
|
|
|a 1 recurso electrn̤ico
|
| 490 |
0 |
|
|a Cuadernos de Anl̀isis y Crt̕ica a la Jurisprudencia Constitucional
|
| 500 |
|
|
|a Compilacin̤ de artc̕ulos que analizan la legislacin̤ de justicia militar y policial que, en muchos de sus puntos, contraviene a la Constitucin̤, pese a las reiteradas observaciones del Tribunal Constitucional.
|
| 506 |
1 |
|
|a Contenido solo disponible en los productos indicados
|d vLex Global
|d vLex Global (Academic Edition, excluding Law Schools)
|d vLex Global (U.S. Academic Edition, Law Schools)
|d vLex Global (U.S. Academic Edition, excluding Law Schools)
|d vLex Global (Academic Edition, Law Schools)
|
| 650 |
0 |
4 |
|a Derecho comparado
|z Per︢
|
| 650 |
0 |
4 |
|a Derecho militar
|z Per︢
|
| 650 |
0 |
4 |
|a Derecho constitucional
|z Per︢
|
| 740 |
0 |
|
|a vLex Libros (Servicio en ln̕ea)
|
| 856 |
4 |
0 |
|u http://vlex.com/source/justicia-militar-derecho-comparado-jurisprudencia-constitucional-6108
|z Acceso restringido
|
| 942 |
|
|
|c BOOK
|
| 999 |
0 |
|
|a Military law
|
| 999 |
0 |
|
|a Constitutional law
|